Supervisión de bases para pavimentos
Guardat en:
| Autor principal: | |
|---|---|
| Format: | Desconegut |
| Publicat: |
[San José, Costa Rica]
1955
|
| Matèries: | |
| Etiquetes: |
Afegir etiqueta
Sense etiquetes, Sigues el primer a etiquetar aquest registre!
|
MARC
| LEADER | 00000 a2200000 4500 | ||
|---|---|---|---|
| 003 | 011012 | ||
| 005 | 20221231143802.0 | ||
| 008 | 140114s1955 cr a m 000 ||s d | ||
| 040 | |c cru CEDI | ||
| 090 | |a TFG 070 | ||
| 100 | |a Jara Jiménez, Eladio |9 17130 | ||
| 245 | |a Supervisión de bases para pavimentos | ||
| 260 | |c 1955 |a [San José, Costa Rica] | ||
| 300 | |a 72 hojas : 3 fotografías originales, gráficos (algunas plegables,) ; 28 cm | ||
| 500 | |a Tesis (Ingeniero Civil) Universidad de Costa Rica. | ||
| 501 | |a Ed. mecanografiada | ||
| 650 | |x CONSTRUCCIONES DE HORMIGON |9 17131 | ||
| 942 | |c TFG | ||
| 999 | |c 11949 |d 11949 | ||
